| 000 | 00376nam a22001097a 4500 | ||
|---|---|---|---|
| 005 | 20241023092826.0 | ||
| 008 | 241023b |||||||| |||| 00| 0 eng d | ||
| 245 |
_aCook's pick : _bmeals that mark endings and beginnings / |
||
| 260 |
_aPhilippines; _bPhilippine Graphic Publishing Inc., _cJanuary 2020. |
||
| 300 |
_aVolume 20, pages 10-59, _billustration. |
||
| 942 |
_2ddc _cPER |
||
| 999 |
_c22837 _d22837 |
||